| 000 | 02473nam2a22003611 4500 | ||
|---|---|---|---|
| 001 | rc\4022383 | ||
| 005 | 20250611061252.0 | ||
| 021 |
_aRU _b[50-29942] |
||
| 035 | _a(NLR Aleph) 008087281 | ||
| 090 |
_a9161076 _c9161076 |
||
| 100 | _a20130415d1950 |||y0rusy50 ca | ||
| 101 | 0 | _arus | |
| 102 | _aRU | ||
| 105 | _aa z ||||| | ||
| 200 | 1 |
_aНижегородские работы. 1882-1887 _eЧ. 1 _e[Материалы к оценке земель Нижегородской губернии; О нормальной оценке почв Европейской России; Петров Б.Ф. Нижегородские работы В.В. Докучаева _fПодгот. Б.Ф. Петровым и В.Н. Заварицким _gОтв. ред. акад. Л.И. Прасолов, д-р с.-х. наук Б.Ф. Петров] |
|
| 210 |
_d1950 _aБ. м. |
||
| 215 |
_a413 с. _cил. _d27 |
||
| 320 | _aЛитература, цитир. В.В. Докучаевым в 4-м т. Сочинений: с. 383-385 | ||
| 461 | 0 |
_1001rc\4022379 _12001#$aСочинения$e[Т.] 1-$fАкад. наук СССР$v[Т.] 4 _1700#1$aДокучаев$bВ.В.$f1846-1903$gВасилий Васильевич _99161055 _aДокучаев, В.В. (1846-1903) _cМосква _d1949 _fАкад. наук СССР _nИзд-во и 2-я тип. Изд-ва Акад. наук СССР в М. _o[Т.] 1- _tСочинения _v[Т.] 4 |
|
| 464 | 0 |
_12001#$aО нормальной оценке почв Европейской России _tО нормальной оценке почв Европейской России |
|
| 464 | 0 |
_12001#$aНижегородские работы В.В. Докучаева _1700#1$aПетров$bБ.Ф. _tНижегородские работы В.В. Докучаева _aПетров, Б.Ф. |
|
| 464 | 0 |
_12001#$aМатериалы к оценке земель Нижегородской губернии _tМатериалы к оценке земель Нижегородской губернии |
|
| 606 |
_aЗемли _xОценка (т. 4) _2psbo |
||
| 606 |
_aПочва (т. 4) _2psbo |
||
| 606 |
_aПочвы _xКлассификация (т. 4) _2psbo |
||
| 702 | 1 |
_aЗаварицкий _bВ.Н. _4570 |
|
| 702 | 1 |
_aПрасолов _bЛ.И. _gЛеонид Иванович _4340 |
|
| 702 | 1 |
_aПетров _bБ.Ф. _4570 _4340 |
|
| 801 | 0 |
_aRU _bNLR _gpsbo |
|
| 801 | 1 |
_aRU _bELAR _2rusmarc |
|
| 852 |
_aNLR _jС14 Г-7/25 |
||
| 942 | _cBOOK | ||
| 980 | _aNB | ||